LEADER 01376nam a2200289 u 4500 001 000000118289 003 CaOOAMICUS 005 20091125091523.0 008 091125s1976 it u000 u eng r 040 $aPUL$bita$dMCT 041 0 $aeng$afre 245 00$aMeditation :$bin Christianity and other religions = Méditation : dans le Christianisme et les autres religions. 246 30$aMéditation : dans le Christianisme et les autres religions 260 $aRome :$bGregorian University Press,$c1976. 300 $a304 p. ;$c25 cm 490 1 $aStudia missionalia ;$v25 504 $aBibliografia in nota. 546 $aTesti in inglese e francese. 650 4$aMeditazione.$0(OLS)http://pul/subject/3109 650 4$aSpiritualità.$0(OLS)http://pul/subject/843 830 0$aStudia missionalia ;$v25.$0(OLS)http://pul/title/228 850 $aPUL 852 $aPUL$W1$xDP1 Cons. Gen., Altre Classi 1$y22$m781 F 3$j135708$qStampati$B134699$CPULBib$Z2$F134699 $H67293 $82 941 1 $a8 996 $6246$aMéditation : dans le Christianisme et les autres religions$9(OLS)http://pul/title/148861 996 $6245$aMeditation :$bin Christianity and other religions = Méditation : dans le Christianisme et les autres religions$9(OLS)http://pul/title/148860 996 $6260$aRome :$bGregorian University Press$9(OLS)http://pul/publisher/53119 LEADER 01254nam a2200313 a 4500 001 000000121969 003 CaOOAMICUS 005 20100525105507.0 008 100525t2001 it a u000 u ita r 020 $a978-88-15-08397-5 040 $aPUL$bita$dReb 041 1 $aita$hfre 082 04$a909 100 1 $aBurke, Peter,$d1937-$0(OLS)http://pul/name/70256 240 10$aRenaissance$lItaliano.$0(OLS)http://pul/title/153483 245 13$aIl Rinascimento /$cPeter Burke. 260 $aBologna :$bIl Mulino,$c©2001. 300 $a144 p. ;$c21 cm. 490 1 $aUniversale paperbacks Il Mulino ;$v246 504 $aInclude riferimenti bibliografici ed indice. 650 4$aRinascimento$xCultura.$0(OLS)http://pul/subject/12100 830 0$aUniversale paperbacks Il Mulino ;$v246.$0(OLS)http://pul/title/190 850 $aPUL 852 $aPUL$W1$xDP2 Filosofia 3$y112$m909 COLL 2.246$j139987$qDDC 21$B139172$CPULBib$Z2$F139172 $H113797 $82 941 1 $a9 996 $6020$a978-88-15-08397-5$9(OLS)http://pul/number/144385 996 $6082$a909$9(OLS)http://pul/classification/566 996 $6245$aIl Rinascimento$9(OLS)http://pul/title/149030 996 $6260$aBologna :$bIl Mulino$9(OLS)http://pul/publisher/47928 LEADER 01667nam a2200385 a 4500 001 000000135943 003 CaOOAMICUS 005 20131023123249.0 008 131023s1970 it a u000 u ita r 040 $aPUL$bita 041 1 $aita$heng$hfre 100 1 $aBeckett, Samuel Barclay,$d1906-1989.$0(OLS)http://pul/name/7648 245 10$aTeatro :$bAspettando Godot ; Finale di partita ; L'ultimo nastro di Krapp ; Giorni felici /$cSamuel Beckett ; traduzione di Carlo Fruttero ; introduzione di Roberto Rebora. 246 30$aAspettando Godot 246 30$aFinale di partita 246 30$aL'ultimo nastro di Krapp 246 30$aGiorni felici 250 $a2. ed. 260 $aMilano :$bA. Mondadori,$c1970. 300 $a227 p. :$bill. ;$c19 cm 490 1 $aOscar Mondadori 700 1 $aFruttero, Carlo.$0(OLS)http://pul/name/86536 700 1 $aRebora, Roberto.$0(OLS)http://pul/name/87478 830 0$aOscar Mondadori.$0(OLS)http://pul/title/18338 850 $aPUL 852 $aPUL$W1$xDP1 Fondo E. Rossi$y115$m2 B 4$j115049$qFondi$B156110$CPULBib$Z2$F156110 $82 941 1 $a1 961 $aSul dorso collocazione ms. di E. Rossi: II 5 996 $6246$aFinale di partita$9(OLS)http://pul/title/171866 996 $6245$aTeatro :$bAspettando Godot ; Finale di partita ; L'ultimo nastro di Krapp ; Giorni felici$9(OLS)http://pul/title/171864 996 $6246$aAspettando Godot$9(OLS)http://pul/title/171865 996 $6246$aL'ultimo nastro di Krapp$9(OLS)http://pul/title/171867 996 $6246$aGiorni felici$9(OLS)http://pul/title/171868 996 $6260$aMilano :$bA. Mondadori$9(OLS)http://pul/publisher/48249